| 000 | 00474nam a22001577a 4500 | ||
|---|---|---|---|
| 008 | 230623b |||||||| |||| 00| 0 eng d | ||
| 020 | _a0-471-08404-2 | ||
| 040 |
_aNational Science Library _cNational Science Library |
||
| 080 |
_aR 551.5(02) _bM5 |
||
| 245 | _aHandbook of applied meterorology | ||
| 260 |
_aNew York: _bA Wiley-Interscience Publication, _c1985 |
||
| 300 | _axv, 1461p. | ||
| 650 | _aScience | ||
| 700 | _aHoughton, David D (Ed.) | ||
| 942 |
_2udc _cHDK |
||
| 999 |
_c46640 _d46640 |
||